Normal view
MARC view
- J.H. Heinbockel
Entry Personal Name
001 - CONTROL NUMBER
- control field: 35592
003 - CONTROL NUMBER IDENTIFIER
- control field: NUST
005 - DATE AND TIME OF LATEST TRANSACTION
- control field: 20210112130154.0
008 - FIXED-LENGTH DATA ELEMENTS
- fixed length control field: 210112|| aca||aabn | a|a d
040 ## - CATALOGING SOURCE
- Original cataloging agency: NUST
- Transcribing agency: NUST
100 ## - HEADING--PERSONAL NAME
- Personal name: J.H. Heinbockel
670 ## - SOURCE DATA FOUND
- Source citation: Work cat.: (NUST): J.H. Heinbockel , Introduction to Tensor Calculus and Continuum Mechanics , 2001
